000 00796cam a22002411 4500
001 sd 46000041
003 DLC
005 20260227112735.0
008 720310s1946 dcub f000 0 eng c
010 _asd 46000041
035 _a(OCoLC)261037
040 _aU.S. Dept. of State. Libr.
_cOYU
_dOCoLC
_dDLC
042 _apremarc
050 0 0 _aJX1428.I8
_bU5 1946
082 _a327.730945
110 1 _aUnited States.
_bDepartment of State.
245 1 0 _aUnited States and Italy, 1936-1946;
_bdocumentary record.
260 _aWashington,
_bU.S. Govt. Print. Off.,
_c1946.
300 _ax, 236 p.
_b2 maps (1 fold.)
_c23 cm.
490 0 _aIts Publication
_v2669.
_aEuropean series,
_v17
651 0 _aUnited States
_xForeign relations
_zItaly.
651 0 _aItaly
_xForeign relations
_zUnited States.
999 _c89971
_d89971